000 00451nam a2200169 i 4500
001 bgj
100 1 _aO'FAOLAIN, Sean.
245 1 0 _aThe Irish /
_cSean O'Faolain.
260 _aMiddlesesx, England :
_bPenguin Books,
_c1980.
300 _a174 pp ;
_c18 cm.
650 9 _aNational characteristics, |Irish
651 9 _aIreland
_xHistory
_xCivilization
040 _cBPK
041 0 _aeng
942 _cKS
008 s uk f |000 0 eng
999 _c48651
_d48651